000 01108cab a22002175a 4500
001 L154884
008 120130e20120127xxk 000 0 eng d
035 _a(Sirsi) u154884
041 0 _aeng
100 1 _aHunter, Rachel
245 0 0 _aMarkets
_bauctions
260 _c2012
490 0 _aProperty Week
_v78(04) 27 January 2012, 55-62(4)
520 _aCommercial property auction teams see distressed stock as glimmer of hope for tough year ahead. UK commercial auctions raised £767m in 2011 down 7.5% from 2010. Lot numbers edged up but average lot sizes fell in 2011, and success rates dipped slightly to 74.5%. Allsop, the UK?s top commercial property auction house has weathered the 2011 market storm and expanded into Republic of Ireland. Table shows Allsop?s 2011 auction performance. David Sparke contends that the auction process is timely and cost-effective for the disposal of property assets as part of insolvencies.
590 _aKA
651 4 _aIreland (Republic of)
_y
651 4 _aUnited Kingdom
_y
690 _aCommercial property
_96227
700 1 _aSparke, David
942 _n0
999 _c83736
_d83736